El intèrprete del dolor / (Registro nro. 30354)

Detalles MARC
000 -LEADER
fixed length control field 00332nam a22001337a 4500
003 - CONTROL NUMBER IDENTIFIER
control field OSt
005 - DATE AND TIME OF LATEST TRANSACTION
control field 20231127192726.0
008 - FIXED-LENGTH DATA ELEMENTS--GENERAL INFORMATION
fixed length control field 231127b |||||||| |||| 00| 0 eng d
040 ## - CATALOGING SOURCE
Transcribing agency CO-JMCR
082 ## - DEWEY DECIMAL CLASSIFICATION NUMBER
Classification number A /
Item number LAHj
100 ## - MAIN ENTRY--PERSONAL NAME
Personal name Lahiri Jhumpa
Relator term autor
9 (RLIN) 42953
245 ## - TITLE STATEMENT
Title El intèrprete del dolor /
Statement of responsibility, etc. Jhumpa Lahiri
942 ## - ADDED ENTRY ELEMENTS (KOHA)
Source of classification or shelving scheme Dewey Decimal Classification
Koha item type Books
Existencias
Withdrawn status Lost status Source of classification or shelving scheme Damaged status Not for loan Home library Current library Date acquired Total Checkouts Full call number Barcode Date last seen Price effective from Koha item type Public note
    Dewey Decimal Classification     Biblioteca Pública José María del Castillo y Rada Biblioteca Pública José María del Castillo y Rada 11/27/2023   A / LAHj 14126933 11/27/2023 11/27/2023 Books Material Interbibliotecario Biblored